LEADER 02374cam0-22005411i-450- 001 990006442280403321 005 20060607101749.0 010 $a2-251-01262-1$bv. 2 010 $a2-251-01385-7$bv. 3 010 $a2-251-01430-6$bv. 4 035 $a000644228 035 $aFED01000644228 035 $a(Aleph)000644228FED01 035 $a000644228 100 $a20010413g19722002km-y0itay50------ba 101 2 $afre$alat 102 $aFR 105 $ay---a---001ey 200 1 $aLettres$fSymmaque$gtexte établi, traduit et commenté par Jean Pierre Callu 210 $aParis$cLes Belles Lettres$d1972-2002 215 $a4 v.$d20 225 1 $aCollection des Universités de France$iSérie latine$v325$v370$xISSN 0184-7155 307 $aVol. 1. e 4. in brossura, 2. e 3. ril. 327 1 $aTome 1., Livres 1.-2. - 1972. - 238 p. (60-212 doppie)$aTome 2., Livres 3.-5. - 1982. - 246 p. (16-225 doppie)$aTome 3., Livres 6.-8. - 1995. - XI, 198 p. (2-147 doppie). - (325)$aTome 4., Livres 9.-10. - 2002. - XXI, 151 p. (2-94 doppie). - (370) 500 10$aEpistularum libri decem$m$917554 676 $a876.01$v20$zit 700 1$aSymmachus,$bQuintus Aurelius$f<4. sec. ex.>$0390960 702 1$aCallu,$bJean Pierre$f<1929- > 801 0$aIT$bUNINA$gRICA$2UNIMARC 901 $aBK 912 $a990006442280403321 952 $aIV Z BLL S. 1 (3)$b40427*$fFGBC 952 $aP2B-640-B.L.-SYMMACHUS5-401A(1)-1972$bIst.Fil.cl. 5660$fFLFBC 952 $aP2B-640-B.L.-SYMMACHUS5-401A(2)-1982$bIst.Fil.cl. 9963$fFLFBC 952 $aP2B-640-B.L.-SYMMACHUS5-401A(3)-1995$bBibl. 18031$fFLFBC 952 $aP2B-640-B.L.-SYMMACHUS5-401A(1bis)-1972$bIst.Fil.cl. 5266$fFLFBC 952 $aP2B-640-B.L.-SYMMACHUS5-401A(2bis)-1982$bBibl. 54850$fFLFBC 952 $aP2B-640-B.L.-SYMMACHUS5-401A(1ter)-1972$bIst.Fil.cl. 5103$fFLFBC 952 $aP2B-640-B.L.-SYMMACHUS5-401A(1quater)-1972$bBibl. 46755$fFLFBC 952 $aP2B-640-B.L.-SYMMACHUS5-401A(1quinquies)-1972$bIst.Fil.cl. 4113$fFLFBC 952 $aP2B-640-B.L.-SYMMACHUS5-401A(4)-2002$bBibl. 53674$fFLFBC 952 $aDDR-Fonti II- Symmachus Ed.1.2(1)$b365 ddr$fDDR$m21-9066 952 $aDDR-Fonti II- Symmachus Ed.1.2(2)$b1965 ddr$fDDR$m21-9067 959 $aFGBC 959 $aFLFBC 959 $aDDR 996 $aEpistularum libri decem$917554 997 $aUNINA LEADER 01690nam 2200469 450 001 9910479914703321 010 $a0-309-45756-4 035 $a(CKB)4100000001042353 035 $a(MiAaPQ)EBC5144007 035 $a(EXLCZ)994100000001042353 100 $a20171208h20172017 uy 0 101 0 $aeng 135 $aurcnu|||||||| 181 $2rdacontent 182 $2rdamedia 183 $2rdacarrier 200 00$aFuture financial economics of health professional education $eproceedings of a workshop /$fPatricia A. Cuff and Megan M. Perez, rapporteurs 210 1$aWashington, District of Columbia :$cThe National Academies Press,$d2017. 210 4$d©2017 215 $a1 online resource (112 pages) $cillustrations (some color) 311 $a0-309-45755-6 320 $aIncludes bibliographical references at the end of each chapters. 606 $aMedical education$zUnited States$vCongresses 606 $aMedical education$zUnited States$xFinance$vCongresses 606 $aFederal aid to medical education$zUnited States$vCongresses 608 $aElectronic books. 615 0$aMedical education 615 0$aMedical education$xFinance 615 0$aFederal aid to medical education 676 $a610.71173 702 $aCuff$b Patricia A. 702 $aPerez$b Megan M. 712 02$aGlobal Forum on Innovation in Health Professional Education. 712 02$aBoard on Global Health. 712 02$aHealth and Medicine Division. 801 0$bMiAaPQ 801 1$bMiAaPQ 801 2$bMiAaPQ 906 $aBOOK 912 $a9910479914703321 996 $aFuture financial economics of health professional education$92271312 997 $aUNINA LEADER 03492nam 22007454a 450 001 9910819126903321 005 20200520144314.0 010 $a9786610275281 010 $a9781523130719 010 $a1523130717 010 $a9781280275289 010 $a1280275286 010 $a9780470361733 010 $a0470361735 010 $a9780471681830 010 $a0471681830 010 $a9781601193865 010 $a1601193866 010 $a9780471681847 010 $a0471681849 035 $a(CKB)1000000000019152 035 $a(EBL)225809 035 $a(OCoLC)228124295 035 $a(SSID)ssj0000071709 035 $a(PQKBManifestationID)11107226 035 $a(PQKBTitleCode)TC0000071709 035 $a(PQKBWorkID)10091382 035 $a(PQKB)11628250 035 $a(MiAaPQ)EBC225809 035 $a(Au-PeEL)EBL225809 035 $a(CaPaEBR)ebr10114115 035 $a(CaONFJC)MIL27528 035 $a(OCoLC)57679579 035 $a(PPN)177055065 035 $a(Perlego)2757367 035 $a(EXLCZ)991000000000019152 100 $a20040226d2005 uy 0 101 0 $aeng 135 $aur|n|---||||| 181 $ctxt$2rdacontent 182 $cc$2rdamedia 183 $acr$2rdacarrier 200 10$aDesign and development of medical electronic instrumentation $ea practical perspective of the design, construction, and test of medical devices /$fDavid Prutchi, Michael Norris 205 $a1st ed. 210 $aHoboken, N.J. $cWiley-Interscience$dc2005 215 $a1 online resource (479 pages) 300 $aDescription based upon print version of record. 311 1 $a9780471676232 311 1 $a0471676233 320 $aIncludes bibliographical references and index. 327 $aDESIGN AND DEVELOPMENT OF MEDICAL ELECTRONIC INSTRUMENTATION; CONTENTS; PREFACE; DISCLAIMER; ABOUT THE AUTHORS; 1 BIOPOTENTIAL AMPLIFIERS; 2 BANDPASS SELECTION FOR BIOPOTENTIAL AMPLIFIERS; 3 DESIGN OF SAFE MEDICAL DEVICE PROTOTYPES; 4 ELECTROMAGNETIC COMPATIBILITY AND MEDICAL DEVICES; 5 SIGNAL CONDITIONING, DATA ACQUISITION, AND SPECTRAL ANALYSIS; 6 SIGNAL SOURCES FOR SIMULATION, TESTING, AND CALIBRATION; 7 STIMULATION OF EXCITABLE TISSUES; 8 CARDIAC PACING AND DEFIBRILLATION; EPILOGUE; APPENDIX A: SOURCES FOR MATERIALS AND COMPONENTS; APPENDIX B: ACCOMPANYING CD-ROM CONTENT; INDEX 330 $aDesign and Development of Medical Electronic Instrumentation fills a gap in the existing medical electronic devices literature by providing background and examples of how medical instrumentation is actually designed and tested. The book includes practical examples and projects, including working schematics, ranging in difficulty from simple biopotential amplifiers to computer-controlled defibrillators. Covering every stage of the development process, the book provides complete coverage of the practical aspects of amplifying, processing, simulating and evoking biopotentials. In addition, two ch 606 $aMedical instruments and apparatus$xDesign and construction 615 0$aMedical instruments and apparatus$xDesign and construction. 676 $a681/.761 700 $aPrutchi$b David$0888769 701 $aNorris$b Michael$01763538 712 02$aWiley Online Library (Servicio en línea) 801 0$bMiAaPQ 801 1$bMiAaPQ 801 2$bMiAaPQ 906 $aBOOK 912 $a9910819126903321 996 $aDesign and development of medical electronic instrumentation$94204039 997 $aUNINA